Countries in Shakespeare Quiz Stats

 Plays Quiz Updated Jul 13, 2016

Challenge
Share
Tweet
Embed
Score 0/14 Timer 03:00
1 Play Today
Country % Correct
United Kingdom
99.1%
Italy
96.8%
France
93.9%
Denmark
80.8%
Greece
74.9%
Egypt
60.8%
Austria
52.2%
Country % Correct
Turkey
51.9%
Cyprus
27.8%
Czechia
24.1%
Croatia
20.6%
Libya
19%
Syria
15.9%
Lebanon
13.3%

You're not logged in!

Compare scores with friends on all Sporcle quizzes.
Join for Free
OR
Log In

You Might Also Like...

Show Comments

Extras

Top Quizzes Today


Score Distribution

Your Account Isn't Verified!

In order to create a playlist on Sporcle, you need to verify the email address you used during registration. Go to your Sporcle Settings to finish the process.

Report this User

Report this user for behavior that violates our Community Guidelines.

Details: